000 00240nam a22000977a 4500
008 170126b xxu||||| |||| 00| 0 eng d
041 _aeng
080 _a61
245 _aCURRENT MANAGEMENT OF DIABETES MELLITUS
_cDEFRONZO, R.A
942 _2udc
_cBK
999 _c3745
_d3745